[Event "Marmaris PHYSKOS GM 2018"]
[Site "Icmeler"]
[Date "2018.11.17"]
[Round "4.5"]
[White "Quparadze, Giga"]
[Black "Ozer, Omer Faruk"]
[Result "0-1"]
[WhiteElo "2509"]
[BlackElo "2373"]
[Annotator "TA"]
[PlyCount "118"]
[EventDate "2018.11.16"]
[EventType "schev"]
[EventCountry "TUR"]
[SourceTitle "playchess.com"]
[Source "ChessBase"]
[SourceQuality "1"]

{[%evp 17,118,33,38,38,48,36,41,35,41,37,41,35,40,33,80,62,95,60,68,76,120,69,83,69,76,63,64,56,65,55,56,50,52,50,43,38,85,55,95,78,89,89,97,82,93,81,95,97,89,85,179,72,97,57,115,99,117,117,68,70,81,29,102,0,48,40,41,41,49,15,20,4,11,0,0,0,0,-10,0,-10,0,-29,-14,-12,0,-14,-9,-464,-441,-469,-433,-445,-387,-1405,-1406,-1325,-1133,-554,-370,-29982,-29983,-29998,-29999]} 1. e4 e5 2. Nf3 Nc6 3. Bb5 a6 4. Ba4 g6 5. c3 Bg7 6. O-O d6 7. d4 Bd7 8. Be3 Nf6 9. Nbd2 O-O 10. Re1 {C76: Ruy Lopez: Deferred Steinitz: 5 c3 Bd7 6 d4 g6} b5 (10... Qe8 11. Bxc6 Bxc6 12. dxe5 Ng4 13. exd6 Nxe3 14. Rxe3 Rd8 15. e5 cxd6 16. exd6 Qd7 17. Nc4 Bb5 {1-0 (47) Alekseev,E (2616)-Van Foreest,J (2629) Riadh 2017}) 11. Bb3 Qc8 $146 ({Predecessor:} 11... Re8 12. d5 Na5 13. Bc2 c6 14. b4 Nc4 15. Nxc4 bxc4 16. Bg5 cxd5 17. Bxf6 Bxf6 18. Qxd5 {½-½ (52) De Boer,E (2318)-Van Foreest,L (2474) Groningen 2018}) 12. dxe5 {White is slightly better.} Nxe5 13. Nxe5 dxe5 14. Nf3 Bg4 15. h3 Bh5 16. Bg5 Rd8 17. Qe2 Rd6 18. Rad1 Rb6 19. Rd3 (19. Bxf7+ $16 Kxf7 20. Nxe5+ Kg8 21. g4) 19... c5 {White should prevent ...c4.} 20. c4 h6 21. Bxf6 Bxf3 $1 22. Qxf3 Rxf6 23. Qe2 Rb8 24. Rd5 Qc7 25. Red1 Bf8 26. Qd2 Qb6 27. Qc3 bxc4 28. Qxc4 Qb4 29. R1d2 a5 30. Qc2 c4 31. Bxc4 Rc8 32. b3 Bc5 33. g3 Bd4 {[#]} (33... Kh7 $16 {was worth a try.}) 34. Kg2 (34. a3 $1 $18 {[%mdl 512] and White stays clearly on top.} Qb7 (34... Qxa3 35. R5xd4) 35. Rxa5) 34... Kg7 $16 35. Qd3 Qb6 ({Black should try} 35... a4 $14) 36. f4 Rc5 37. Rxd4 exd4 38. Qxd4 {Strongly threatening e5.} Rc7 $1 39. Qe5 (39. Qd3 $16) 39... Qb4 (39... a4 $11) 40. Rf2 (40. Rd8 $16 {White threatens Qe8 and mate.} Qe7 41. Qd5) 40... Qc5 {Threatening ...Qxe5.} (40... Re7 $5 {[%cal Re7e5]} 41. Qd4 Qb6 $14) 41. Qb2 Qc6 42. Re2 Kg8 43. Qe5 Rf5 44. Qd4 {And now Bd5 would win.} Rc5 45. Rd2 Re7 46. Bd5 Qc7 47. Qf2 Rc3 48. h4 h5 49. Kh2 Kh7 50. Kg2 Kg8 51. Qe2 Qc5 52. e5 $2 {[%mdl 8192]} (52. Bc4 $11 {and White stays safe.}) 52... Rd7 $19 53. Qe4 {[#]} Rxd5 $1 {[%mdl 576] Deflection} 54. Qxd5 {[%mdl 4096] Endgame Black must now prevent e6. KQR-KQR} (54. Rxd5 Rc2+) 54... Qe3 55. e6 $2 (55. f5 Qxg3+ {[%mdl 64] Double Attack} 56. Kf1 Qf4+ 57. Ke1 Qe3+ 58. Kf1 Qh3+ 59. Ke1 Qe3+ 60. Kf1 Qf4+ 61. Ke1 Qxf5 62. Qd8+ Kh7 63. Qd5) 55... Qxg3+ {[%mdl 64] Double Attack} 56. Kf1 Qxf4+ 57. Ke1 Qg3+ 58. Rf2 $2 (58. Kf1 $19 Qf4+ 59. Ke1 Qe3+ 60. Kf1 Qh3+ 61. Kf2 Qg3+ 62. Kf1 Qh3+ 63. Ke1 Rc1+ 64. Rd1 Qe3+ 65. Kf1 Qf4+ 66. Ke2 Qg4+ {[%mdl 64] Double Attack} 67. Ke1 Qg3+ 68. Kf1 Qf4+ 69. Ke1 Qxh4+ 70. Kd2 Qf4+ 71. Ke1 Qe3+ {[%mdl 64] Double Attack} 72. Kf1 Qh3+ 73. Kf2 Rc2+ {[%mdl 64] Double Attack} 74. Qd2) 58... Rc1+ 59. Kd2 Qc3+ {Accuracy: White = 41%, Black = 60%.} 0-1

[Event "Marmaris PHYSKOS GM 2018"]
[Site "Icmeler"]
[Date "2018.11.18"]
[Round "5.1"]
[White "Annaberdiev, Meilis"]
[Black "Simantsev, Mikhail"]
[Result "1-0"]
[WhiteElo "2509"]
[BlackElo "2403"]
[Annotator "TA"]
[PlyCount "131"]
[EventDate "2018.11.16"]
[EventType "schev"]
[EventCountry "TUR"]
[SourceTitle "playchess.com"]
[Source "ChessBase"]
[SourceQuality "1"]

{[%evp 10,131,20,20,21,14,18,17,40,31,36,-18,29,17,26,11,12,0,0,-15,-1,-35,-50,-39,-52,-46,-28,-28,-27,-28,-31,-55,-30,-24,-20,-27,-18,-15,0,-16,-20,-20,-17,-25,0,-4,-16,-30,0,0,0,0,0,0,0,0,0,0,0,0,0,-31,0,0,2,16,26,22,27,14,14,44,98,41,77,97,87,16,14,0,0,0,0,0,0,0,0,-13,21,20,20,20,20,20,20,14,22,11,11,12,817,812,810,792,770,741,1300,1339,1016,999,29956,10954,29968,29969,29963,5222,29974,29973,29976,29977,29974,29976,29989,29976]} 1. e4 e5 2. Nf3 Nc6 3. Bc4 Bc5 4. d3 Nf6 5. Bg5 h6 6. Bh4 Be7 {C50: Hungarian Defence and Giuoco Pianissimo} 7. Bg3 d6 8. a4 Be6 $146 {With the idea ...Bxc4.The position is equal.} ({Predecessor:} 8... O-O 9. O-O Kh8 10. c3 Nh7 11. Nbd2 f5 12. exf5 Bxf5 13. a5 a6 14. Re1 {½-½ (22) Tomashevsky,E (2711)-Aronian,L (2785) Sharjah 2017}) 9. Bxe6 fxe6 10. Nc3 (10. c3 $14) 10... O-O 11. O-O Qd7 12. a5 a6 13. Ra4 Nd8 14. Ra3 Nh5 15. Rb3 Nxg3 16. hxg3 c5 17. Qd2 Nc6 18. Na4 Rae8 19. Nb6 Qc7 20. Ra3 Bd8 21. Nc4 Rf7 22. c3 Be7 23. Raa1 Rd8 24. Qe3 Bf6 25. Rfb1 d5 26. Nb6 d4 27. cxd4 exd4 28. Qd2 Be7 29. Nc4 Rdf8 30. Rf1 e5 31. Qe2 Bd8 32. Rac1 Qe7 33. Nh4 {Ng6 is the strong threat.} Qe6 34. Nf5 Kh7 35. Qd2 Bc7 36. g4 Bd8 {White must now prevent ...Bg5.} 37. g3 $1 Bg5 38. f4 Bd8 39. Qh2 exf4 40. gxf4 Bxa5 ({Black should play} 40... Bc7 $14) 41. Ncd6 (41. Nxa5 $16 Nxa5 42. Rxc5) 41... Rd7 42. e5 Ne7 43. Rxc5 (43. Qh3 $16) 43... Bb4 $11 44. Rc2 {[%cal Bc5c2,Bc2g2,Bg2g6][%mdl 32]} Bxd6 45. Nxd6 Qxg4+ 46. Rg2 Qe6 47. Ne4 Qc6 48. Qh5 ({Avoid the trap} 48. Qg3 $2 Nf5 $19) 48... Nf5 {Hoping for ...Ne3.} (48... g6 $5 {[%cal Rg6h5]} 49. Qg4 Nf5 $15) 49. Rg6 $1 $36 {[%cal Rg6c6][%mdl 2048] White fights for an advantage.} ({But not} 49. e6 $2 Re7 $19) 49... Qxg6+ 50. Ng5+ $1 {[#]} Qxg5+ $1 51. fxg5 g6 52. Qh2 {Threatens to win with Rxf5!} h5 53. e6 Re7 54. Qe5 Rfe8 $2 {[%mdl 8192]} (54... Kg8 $11) 55. Rxf5 $1 $18 gxf5 56. Qxf5+ {[%mdl 4096] Endgame KQ-KRR} Kg8 57. Qg6+ Kf8 {[#]} 58. Qf6+ $1 Kg8 {[#]} 59. g6 $1 Rg7 60. Kh2 (60. Kg2 $142 Rf8 61. Qg5 Re8 62. Kg3 Kh8 63. Qf6 Kg8 64. Kh4 Rf8 65. Qg5) 60... Rf8 61. Qg5 Re8 62. Kh3 Rge7 63. Qf6 {White mates.} Rg7 64. Kh4 Rf8 65. Qg5 Rc8 66. Kxh5 {Accuracy: White = 61%, Black = 46%.} 1-0

[Event "Marmaris PHYSKOS GM 2018"]
[Site "Icmeler"]
[Date "2018.11.18"]
[Round "5.2"]
[White "Tutisani, Noe"]
[Black "Yilmaz, Mustafa"]
[Result "0-1"]
[WhiteElo "2452"]
[BlackElo "2637"]
[Annotator "TA"]
[PlyCount "110"]
[EventDate "2018.11.16"]
[EventType "schev"]
[EventCountry "TUR"]
[SourceTitle "playchess.com"]
[Source "ChessBase"]
[SourceQuality "1"]

{[%evp 16,110,22,14,29,32,15,0,12,1,18,18,20,0,38,0,0,0,0,0,4,0,0,0,0,0,78,-17,-6,-17,-10,-16,-18,-12,-14,-161,-105,-112,-102,-112,-112,-187,-191,-185,-187,-273,-276,-276,-275,-364,-268,-273,-266,-264,-257,-266,-258,-258,-255,-344,-331,-432,-432,-432,-432,-423,-381,-432,-423,-494,-494,-494,-481,-400,-397,-522,-452,-755,-755,-747,-733,-692,-687,-5641,-5641,-5543,-863,-5641,-5528,-5452,-5452,-5444,-5289,-5151,-5024,-4779,-4770]} 1. e4 c5 2. Nf3 d6 3. d4 cxd4 4. Nxd4 Nf6 5. Nc3 a6 6. Bg5 e6 7. f4 h6 8. Bh4 Qb6 9. a3 Be7 {B96: Sicilian Najdorf: 6 Bg5 e6 7 f4, lines other than 7...Qb6 and 7...Be7} 10. Bf2 {Threatens to win with Nxe6!} Qc7 11. Qf3 Nbd7 {[%cal Bb8d7,Bd7e5,Be5c4][%mdl 32] The position is equal.} 12. O-O-O b5 13. g4 {[%cal Bg2g4,Bg4g5,Bg5h6][%mdl 32]} Bb7 14. Bg2 (14. h4 Nc5 15. Bd3 h5 16. g5 Ng4 17. Rhg1 {½-½ (25) Grischuk,A (2766)-Vachier Lagrave,M (2779) Saint Louis 2018}) 14... g5 15. h4 gxf4 16. g5 Ne5 17. Qxf4 Nfd7 $146 {[%cal Bf6d7,Bd7e5,Be5c4,Bc4d2][%mdl 32]} 18. gxh6 Bf8 19. Kb1 Nc4 20. Qg3 O-O-O (20... Bxh6 $11 21. Bf1 Nde5) 21. Rh3 (21. Bf1 $16 Nde5 22. Bxc4 Nxc4 23. Ncxb5 axb5 24. Nxb5) 21... Nde5 $1 $36 {[%mdl 2048] Black fights for an advantage.} 22. Bf1 Bxh6 {And now ...Rdg8 would win.} 23. Ndxb5 axb5 24. Nxb5 Qa5 25. Na7+ (25. Bxc4 $1 $11 Nxc4 26. Nxd6+ Nxd6 27. Rxd6 Rxd6 28. Qxd6) 25... Kb8 ({Better is} 25... Kd7 $19 26. b4 Qa4) 26. Bxc4 $17 Nxc4 27. Qb3 Qa6 {White must now prevent ...Nd2+.} ({Avoid the trap} 27... Nd2+ $2 28. Rxd2 $1 {[%mdl 512]} Qa6 29. Rd1 $18) 28. Rc3 (28. Rhd3 $17) 28... Nd2+ $19 29. Rxd2 Bxd2 30. Rc4 {[#]} (30. Rc6 $142 Qf1+ {[%mdl 64] Double Attack} 31. Ka2) 30... Rc8 $1 {[%cal Rc8c4]} 31. Nxc8 Rxc8 32. Rxc8+ Kxc8 33. Qd3 Qxd3 34. cxd3 Bf4 35. Kc2 d5 36. exd5 Bxd5 37. b4 Bc6 38. Kb3 Bb5 39. d4 Be2 40. Kc2 Kb7 41. a4 Kc6 42. Kc3 Kd5 43. b5 Bd1 44. a5 Be2 45. b6 Ba6 {Black is clearly winning.} 46. h5 (46. Be1 $142 Be3 47. h5) 46... Kc6 47. Bh4 Be2 48. Bd8 Kb7 49. d5 exd5 50. Kd4 Bxh5 (50... Bd2 $142 51. h6 Bxh6) 51. Kxd5 Bd2 52. a6+ Kxa6 53. Kc6 Bf3+ 54. Kd6 Kb7 55. Ke5 Bc3+ {Accuracy: White = 42%, Black = 88%.} 0-1

[Event "Marmaris PHYSKOS GM 2018"]
[Site "Icmeler"]
[Date "2018.11.18"]
[Round "5.4"]
[White "Yurtseven, Melih"]
[Black "Quparadze, Giga"]
[Result "1-0"]
[WhiteElo "2397"]
[BlackElo "2509"]
[Annotator "ChessBase"]
[PlyCount "173"]
[EventDate "2018.11.16"]
[EventType "schev"]
[EventCountry "TUR"]
[SourceTitle "playchess.com"]
[Source "ChessBase"]
[SourceQuality "1"]
[TimeControl "5400+30"]

1. Nf3 {[%emt 0:05:30]} Nf6 {[%emt 0:00:30]} 2. g3 {[%emt 0:00:30]} b5 {[%emt 0:00:30]} 3. Bg2 {[%emt 0:00:00]} Bb7 {[%emt 0:00:00]} 4. O-O {[%emt 0:00:00]} c5 {[%emt 0:00:00]} 5. d3 {[%emt 0:00:30]} d6 {[%emt 0:00:30]} 6. a4 {[%emt 0:00:30]} b4 {[%emt 0:00:30]} 7. Nbd2 {[%emt 0:04:30]} e6 {[%emt 0:00:00]} 8. e4 {[%emt 0:02:30]} Be7 {[%emt 0:00:00]} 9. Re1 {[%emt 0:00:30]} Nfd7 {[%emt 0:00:30]} 10. Nc4 {[%emt 0:02:30]} O-O {[%emt 0:00:30]} 11. a5 {[%emt 0:05:30]} Nc6 {[%emt 0:03:30]} 12. Bf4 {[%emt 0:04:30]} e5 {[%emt 0:00:30]} 13. Be3 {[%emt 0:00:30]} Ba6 {[%emt 0:00:30]} 14. Nfd2 {[%emt 0:00:00]} Re8 {[%emt 0:01:30]} 15. f4 {[%emt 0:06:00]} Rc8 {[%emt 0:00:30]} 16. Rf1 {[%emt 0:04:30]} exf4 {[%emt 0:00:30]} 17. gxf4 {[%emt 0:00:30]} Bf8 {[%emt 0:00:30]} 18. Bf2 {[%emt 0:02:30]} Nf6 {[%emt 0:02:30]} 19. Bh4 {[%emt 0:00:30]} Be7 {[%emt 0:00:30]} 20. Ne3 {[%emt 0:06:30]} Nd5 {[%emt 0:01:30]} 21. exd5 {[%emt 0:18:30]} Bxh4 {[%emt 0:00:30]} 22. Ne4 {[%emt 0:00:30]} Nd4 {[%emt 0:00:30]} 23. f5 {[%emt 0:02:30]} Bg5 {[%emt 0:02:30]} 24. Ng4 {[%emt 0:09:30]} b3 {[%emt 0:02:30]} 25. c3 {[%emt 0:02:30]} Nc2 {[%emt 0:00:30]} 26. f6 {[%emt 0:00:30]} Rxe4 {[%emt 0:02:30]} 27. Bxe4 {[%emt 0:01:30]} g6 {[%emt 0:00:00]} 28. h4 {[%emt 0:02:03]} Be3+ {[%emt 0:02:00]} 29. Nxe3 {[%emt 0:09:55]} Nxe3 {[%emt 0:00:30]} 30. Qd2 {[%emt 0:00:08]} Nxf1 {[%emt 0:00:00]} 31. Rxf1 {[%emt 0:00:01]} Qf8 {[%emt 0:02:00]} 32. h5 {[%emt 0:00:43]} Kh8 {[%emt 0:04:30]} 33. Rf3 {[%emt 0:06:55]} Rc7 {[%emt 0:00:30]} 34. Qf4 {[%emt 0:02:58]} Bc8 {[%emt 0:00:30]} 35. Rg3 {[%emt 0:00:16]} Bd7 {[%emt 0:02:30]} 36. hxg6 {[%emt 0:00:49]} fxg6 {[%emt 0:00:30]} 37. Bxg6 {[%emt 0:00:17]} Be8 {[%emt 0:00:30]} 38. Bxe8 {[%emt 0:00:39]} Qxe8 {[%emt 0:00:30]} 39. Kf2 {[%emt 0:00:44]} Qf8 {[%emt 0:01:30]} 40. Re3 {[%emt 0:00:06]} a6 {[%emt 0:01:30]} 41. Re6 {[%emt 0:00:07]} Rd7 {[%emt 0:00:00]} 42. Qe4 {[%emt 0:00:45]} Rd8 {[%emt 0:00:00]} 43. c4 {[%emt 0:00:38]} Qf7 {[%emt 0:00:30]} 44. Qf5 {[%emt 0:00:31]} Rd7 {[%emt 0:01:30]} 45. Qe4 {[%emt 0:00:02]} Rd8 {[%emt 0:00:30]} 46. Qf5 {[%emt 0:00:01]} Rd7 {[%emt 0:00:00]} 47. Qg5 {[%emt 0:01:22]} Qf8 {[%emt 0:00:00]} 48. Ke3 {[%emt 0:00:42]} Rf7 {[%emt 0:00:30]} 49. Kf3 {[%emt 0:00:36]} Rd7 {[%emt 0:01:30]} 50. Ke4 {[%emt 0:00:17]} Rf7 {[%emt 0:00:00]} 51. Kf5 {[%emt 0:00:13]} Qc8 {[%emt 0:00:00]} 52. Qg3 {[%emt 0:01:01]} Rd7 {[%emt 0:00:30]} 53. Qg4 {[%emt 0:00:29]} Rf7 {[%emt 0:00:30]} 54. Qh4 {[%emt 0:00:29]} Qf8 {[%emt 0:01:30]} 55. Qe4 {[%emt 0:00:37]} Qc8 {[%emt 0:00:30]} 56. Qe2 {[%emt 0:00:33]} Qf8 {[%emt 0:00:30]} 57. Qh5 {[%emt 0:00:26]} Kg8 {[%emt 0:00:30]} 58. Qg4+ {[%emt 0:00:20]} Kh8 {[%emt 0:00:30]} 59. Qg3 {[%emt 0:00:42]} Rd7 {[%emt 0:00:00]} 60. Ke4 {[%emt 0:00:19]} Rd8 {[%emt 0:00:00]} 61. Qg5 {[%emt 0:00:40]} Rd7 {[%emt 0:01:30]} 62. d4 {[%emt 0:00:11]} cxd4 {[%emt 0:00:00]} 63. Kxd4 {[%emt 0:00:02]} Rf7 {[%emt 0:00:00]} 64. Qf4 {[%emt 0:00:20]} Rd7 {[%emt 0:00:30]} 65. Qg3 {[%emt 0:00:26]} Qb8 {[%emt 0:00:30]} 66. Qe1 {[%emt 0:01:00]} Rd8 {[%emt 0:00:30]} 67. Kd3 {[%emt 0:00:13]} Rf8 {[%emt 0:00:30]} 68. Qg3 {[%emt 0:01:08]} Rf7 {[%emt 0:00:30]} 69. Qxd6 {[%emt 0:00:35]} Qg8 {[%emt 0:00:00]} 70. Qf4 {[%emt 0:00:20]} Qg6+ {[%emt 0:00:00]} 71. Qe4 {[%emt 0:00:31]} Qg3+ {[%emt 0:00:30]} 72. Qe3 {[%emt 0:00:17]} Qg6+ {[%emt 0:00:00]} 73. Kd4 {[%emt 0:00:15]} Rf8 {[%emt 0:00:00]} 74. d6 {[%emt 0:00:47]} Qg4+ {[%emt 0:00:30]} 75. Qe4 {[%emt 0:00:46]} Qg5 {[%emt 0:00:30]} 76. Qe5 {[%emt 0:00:41]} Qd2+ {[%emt 0:00:00]} 77. Ke4 {[%emt 0:00:20]} Qe2+ {[%emt 0:02:00]} 78. Kd4 {[%emt 0:00:35]} Qxb2+ {[%emt 0:01:30]} 79. Kc5 {[%emt 0:00:32]} Qa3+ {[%emt 0:00:00]} 80. Kd4 {[%emt 0:00:31]} Qa1+ {[%emt 0:01:00]} 81. Kd5 {[%emt 0:00:33]} Qxa5+ {[%emt 0:03:30]} 82. c5 {[%emt 0:00:22]} Qd2+ {[%emt 0:00:30]} 83. Kc6 {[%emt 0:00:29]} Qg2+ {[%emt 0:00:30]} 84. Kc7 {[%emt 0:00:26]} h6 {[%emt 0:05:30]} 85. f7+ {[%emt 0:00:15]} Kh7 {[%emt 0:00:30]} 86. Qf5+ {[%emt 0:00:13]} Kh8 {[%emt 0:00:00]} 87. Rxh6+ {[%emt 0:00:22]} 1-0

[Event "Marmaris PHYSKOS GM 2018"]
[Site "Icmeler"]
[Date "2018.11.18"]
[Round "5.5"]
[White "Ozer, Omer Faruk"]
[Black "Odeev, Handszar"]
[Result "1/2-1/2"]
[WhiteElo "2373"]
[BlackElo "2406"]
[Annotator "ChessBase"]
[PlyCount "85"]
[EventDate "2018.11.16"]
[EventType "schev"]
[EventCountry "TUR"]
[SourceTitle "playchess.com"]
[Source "ChessBase"]
[SourceQuality "1"]
[TimeControl "5400+30"]

1. e4 {[%emt 0:00:30]} c5 {[%emt 0:09:30]} 2. Nc3 {[%emt 0:00:00]} g6 {[%emt 0:02:30]} 3. h4 {[%emt 0:00:00]} h5 {[%emt 0:03:30]} 4. d4 {[%emt 0:01:30]} cxd4 {[%emt 0:08:30]} 5. Qxd4 {[%emt 0:00:30]} Nf6 {[%emt 0:00:00]} 6. Bg5 {[%emt 0:00:30]} Nc6 {[%emt 0:00:00]} 7. Qd2 {[%emt 0:00:30]} Bg7 {[%emt 0:00:30]} 8. f3 {[%emt 0:01:30]} d6 {[%emt 0:02:30]} 9. O-O-O {[%emt 0:01:30]} Bd7 {[%emt 0:06:30]} 10. Bc4 {[%emt 0:13:30]} Na5 {[%emt 0:14:30]} 11. Bb3 {[%emt 0:01:30]} Nxb3+ {[%emt 0:00:30]} 12. cxb3 {[%emt 0:00:00]} b5 {[%emt 0:07:30]} 13. Kb1 {[%emt 0:08:00]} b4 {[%emt 0:00:30]} 14. Na4 {[%emt 0:00:30]} Qa5 {[%emt 0:02:30]} 15. Ne2 {[%emt 0:01:30]} Bxa4 {[%emt 0:01:30]} 16. bxa4 {[%emt 0:00:30]} Qxa4 {[%emt 0:00:00]} 17. Nd4 {[%emt 0:03:30]} Rc8 {[%emt 0:09:00]} 18. Rde1 {[%emt 0:06:30]} Nd7 {[%emt 0:02:30]} 19. Rc1 {[%emt 0:06:30]} Nc5 {[%emt 0:08:31]} 20. Rc4 {[%emt 0:01:30]} Qd7 {[%emt 0:02:56]} 21. Rhc1 {[%emt 0:04:30]} O-O {[%emt 0:00:32]} 22. Rxb4 {[%emt 0:02:30]} Rb8 {[%emt 0:03:57]} 23. Rc2 {[%emt 0:13:30]} a5 {[%emt 0:03:17]} 24. Rbc4 {[%emt 0:00:00]} a4 {[%emt 0:02:47]} 25. Bh6 {[%emt 0:00:00]} Bxh6 {[%emt 0:07:18]} 26. Qxh6 {[%emt 0:00:30]} Rfc8 {[%emt 0:00:56]} 27. g4 {[%emt 0:01:30]} Nd3 {[%emt 0:00:37]} 28. Rxc8+ {[%emt 0:14:43]} Rxc8 {[%emt 0:00:02]} 29. gxh5 {[%emt 0:00:07]} Rxc2 {[%emt 0:00:34]} 30. Kxc2 {[%emt 0:00:08]} Nb4+ {[%emt 0:00:36]} 31. Kb1 {[%emt 0:03:19]} Qh3 {[%emt 0:00:28]} 32. Qc1 {[%emt 0:00:07]} e5 {[%emt 0:00:51]} 33. Nc2 {[%emt 0:03:23]} Nd3 {[%emt 0:00:30]} 34. Qd1 {[%emt 0:00:40]} Nf2 {[%emt 0:00:30]} 35. Qe2 {[%emt 0:00:20]} Qh1+ {[%emt 0:00:18]} 36. Ne1 {[%emt 0:00:01]} Nd3 {[%emt 0:00:42]} 37. Qxd3 {[%emt 0:00:07]} Qxe1+ {[%emt 0:00:04]} 38. Kc2 {[%emt 0:00:04]} Qf2+ {[%emt 0:00:21]} 39. Kc1 {[%emt 0:01:08]} Qc5+ {[%emt 0:00:44]} 40. Kd1 {[%emt 0:01:10]} Qg1+ {[%emt 0:00:06]} 41. Kc2 {[%emt 0:00:06]} Qc5+ {[%emt 0:00:41]} 42. Kd1 {[%emt 0:00:04]} Qg1+ {[%emt 0:00:14]} 43. Kc2 {[%emt 0:00:03]} 1/2-1/2

[Event "Marmaris PHYSKOS GM 2018"]
[Site "Icmeler"]
[Date "2018.11.18"]
[Round "6.1"]
[White "Yilmaz, Mustafa"]
[Black "Annaberdiev, Meilis"]
[Result "1-0"]
[WhiteElo "2637"]
[BlackElo "2509"]
[Annotator "TA"]
[PlyCount "109"]
[EventDate "2018.11.16"]
[EventType "schev"]
[EventCountry "TUR"]
[SourceTitle "playchess.com"]
[Source "ChessBase"]
[SourceQuality "1"]

{[%evp 14,109,31,18,58,68,77,74,98,88,97,106,139,86,96,78,157,168,207,183,237,103,142,150,151,144,142,87,93,108,93,83,138,52,177,203,227,217,222,218,287,283,281,214,280,272,395,302,272,184,306,254,362,240,241,199,437,328,468,435,428,428,990,469,438,429,399,308,310,304,1925,279,286,283,281,289,298,289,519,513,535,533,518,511,589,480,581,573,560,557,760,760,754,743,711,704,689,657]} 1. d4 f5 2. c4 Nf6 3. Nf3 g6 4. Nc3 Bg7 5. Bf4 d6 6. e3 O-O 7. c5 {A85: Dutch Defence: 2 c4 Nf6 3 Nc3} (7. h3 h6 8. Be2 Qe8 9. d5 Na6 10. Bh2 Bd7 11. O-O c6 12. dxc6 bxc6 13. Qc2 Nc5 14. Rfd1 g5 15. Rab1 {1-0 (42) Karjakin,S (2783)-Nepomniachtchi,I (2751) chess.com INT 2017}) 7... Kh8 8. Bc4 {LiveBook: 9 Games} b6 $146 ({Predecessor:} 8... Nc6 9. O-O a6 10. Bg3 Qe8 11. Rc1 Bd7 12. d5 Nd8 13. b4 Rc8 14. Nd4 dxc5 15. bxc5 {1-0 (36) Fressinet,L (2677)-Sowray,P (2348) Helsingor 2016}) 9. cxd6 {White is slightly better.} exd6 10. Rc1 d5 11. Be2 c6 12. h4 Bb7 13. Ne5 (13. Ng5 $142) 13... Nfd7 $16 14. Nd3 Qe7 ({Better is} 14... a5) 15. b4 $1 {[%cal Bb2b4,Bb4b5][%mdl 32]} a5 16. b5 c5 (16... a4 $142 17. bxc6 Bxc6) 17. Bf3 (17. Bg5 $18 {has better winning chances.} Qd6 18. dxc5 Nxc5 19. Nxc5 bxc5 20. Bf4) 17... cxd4 18. Nxd5 Bxd5 19. Bxd5 Ra7 {[#]} 20. Kf1 ({White should try} 20. O-O $1) 20... Nf6 21. Bb3 dxe3 22. Bxe3 Rd7 {[#]} (22... Nbd7 $142) 23. Bxb6 (23. Rh3 $1 $16) 23... Qe4 (23... Qd6 $14 24. Bc5 {[%mdl 64] Skewer} Qxd3+ 25. Qxd3 Rxd3) 24. Rh3 $18 Qb7 25. Bc5 {[%cal Bb6c5,Bc5a3,Ba3b2][%mdl 32]} (25. Bxa5 $6 Qxb5 26. Be1 Qb6 $16) 25... Rfd8 26. a4 Ne4 27. Qe2 Rc7 28. Ba3 {Strongly threatening h5.} Nd7 29. h5 gxh5 (29... g5 $142 30. f3 g4) 30. Rxc7 Qxc7 31. Qc2 ({Resist} 31. Qxh5 $6 Ndf6 $16) 31... Qb8 (31... Qxc2 $142 32. Bxc2 Rc8) 32. Bb2 ({Much less strong is} 32. Rxh5 $6 Ndf6 $18) 32... Ndf6 (32... Qd6 $142 33. Rxh5 Bxb2) 33. Kg1 Rc8 34. Qd1 Qb6 $2 (34... Qd6 35. Qa1 h6) 35. Rf3 Rd8 (35... Ng4 $142) 36. Qc2 Ng4 37. Rxf5 Bd4 (37... Qd6 $142) 38. Rd5 (38. Nc5 $142 Bxb2 39. Qxb2+ Nef6 40. f3) 38... Rxd5 39. Bxd5 {aiming for Qc8+.} Nef6 40. Qc8+ Kg7 41. Qb7+ Kg6 $2 (41... Qxb7 42. Bxb7 Bxb2) 42. Qxb6 $2 (42. Be4+ Kh6 43. Bc1+ Ne3 44. Qe7 Nxe4 45. Qxe4 {[%mdl 64] Pin}) 42... Bxb6 43. Bf3 Kf5 44. Bc3 Ne4 45. Be1 h4 $2 (45... Ng3 46. Bb7 h6) 46. Bxg4+ {White is clearly winning.} Kxg4 {[%mdl 4096] Endgame KBN-KBN} 47. Ne5+ Kf5 48. Nc4 Bc7 49. b6 Bb8 50. Nxa5 Nc5 51. Nc6 Bf4 52. a5 {[%cal Ba4a5,Ba5a6][%mdl 32]} Ke6 53. Nb4 Kd7 54. a6 {a7 is the strong threat.} Kc8 55. b7+ {Accuracy: White = 63%, Black = 33%.} 1-0

[Event "Marmaris PHYSKOS GM 2018"]
[Site "Icmeler"]
[Date "2018.11.18"]
[Round "6.2"]
[White "Rasulov, Vugar"]
[Black "Tutisani, Noe"]
[Result "1-0"]
[WhiteElo "2538"]
[BlackElo "2452"]
[Annotator "TA"]
[PlyCount "95"]
[EventDate "2018.11.16"]
[EventType "schev"]
[EventCountry "TUR"]
[SourceTitle "playchess.com"]
[Source "ChessBase"]
[SourceQuality "1"]

{[%evp 17,95,10,22,21,14,8,31,20,27,20,42,43,45,47,60,53,59,54,61,65,95,63,76,67,89,72,81,51,66,48,72,76,74,54,98,78,135,122,144,123,212,186,277,229,268,207,241,210,528,527,433,533,615,677,670,653,651,630,1003,984,989,976,1198,1198,1167,1167,1161,1158,1118,1108,2524,2456,2019,1784,5293,1035,1443,1642,5677,1211]} 1. e4 e5 2. Nf3 Nc6 3. Bb5 a6 4. Ba4 Nf6 5. Nc3 Bb4 6. O-O O-O 7. d3 d6 8. Bg5 {C77: Ruy Lopez: 3...a6 4 Ba4 Nf6, unusual lines} Bxc3 9. bxc3 Qe7 {LiveBook: 6 Games} 10. Nd2 {[%cal Bf3d2,Bd2f1,Bf1e3,Be3f5][%mdl 32] The position is equal.} h6 11. Bh4 Nd8 {[%cal Bc6d8,Bd8e6,Be6c5][%mdl 32]} 12. Re1 Ne6 13. Nf1 Nc5 14. Bb3 $1 {[#]} g5 $146 ({Predecessor:} 14... Nxb3 15. cxb3 g5 16. Bg3 Bg4 17. Qd2 Nh5 18. Ne3 {½-½ (75) Gundavaa,B (2485)-Nguyen,N (2632) Chengdu 2017}) 15. Bg3 a5 16. Ne3 c6 17. a3 Kh7 18. Ba2 Be6 19. f3 Bxa2 20. Rxa2 Ne6 21. Nf5 Qc7 22. d4 Nh5 23. Bf2 Nhg7 24. Ne3 Nf4 25. Rb2 f6 26. Qd2 Rf7 (26... Rab8 $142) 27. a4 Nge6 28. Reb1 exd4 (28... Rb8 $16) 29. cxd4 $18 Nxd4 (29... Rb8 {keeps fighting.} 30. Kh1 b6) 30. Ng4 Nde6 {[#]} 31. Nxf6+ $1 {[%mdl 512]} Kg6 ({Avoid the trap} 31... Rxf6 $2 32. Rxb7 Qf7 33. Rxf7+ Rxf7 34. g3 $18) 32. Ng4 ({Weaker is} 32. Rxb7 Qxb7 33. Rxb7 Rxb7 $16) 32... d5 $2 (32... b5 33. axb5 cxb5 34. Rxb5 a4) 33. exd5 {White is clearly winning.} cxd5 34. Qe1 Re7 {intending ...Nxg2.} 35. Rxb7 Qxb7 36. Rxb7 Rxb7 37. g3 Rab8 {[#] ...Rb1 is the strong threat.} 38. Qe5 Rb1+ 39. Be1 Nd4 40. Qf6+ Kh7 41. Qxh6+ Kg8 42. Qxg5+ Kh8 43. Qf6+ Kh7 44. gxf4 Rxe1+ 45. Kg2 {White threatens Qf7+ and mate.} Ne6 46. Qh6+ (46. Qh4+ $142 Kg7 47. Qxe1 Nxf4+ 48. Kf2) 46... Kg8 47. f5 Re2+ 48. Kh3 {Precision: White = 75%, Black = 24%.} (48. Kf1 $142 Nf8 49. Kxe2 Re8+ 50. Kd3) 1-0